| 000 | 00501nam a2200181 a 4500 | ||
|---|---|---|---|
| 001 | 16722 | ||
| 003 | CO-ViMGA | ||
| 008 | 141112s2004 ck r 000 u spa d | ||
| 020 | _a8483107481 | ||
| 040 |
_aCO-ViMGA _bspa _cCO-ViMGA |
||
| 082 | 0 | 4 | _aCo861.6 C616m |
| 100 | 1 | _aCobo Borda, Juan Gustavo | |
| 245 | 1 | 0 | _aLa musa inclemente |
| 260 |
_aBarcelona (España) : _bTusquets, _c2001 |
||
| 590 | _aForma de adquisición : Premio - Mincultura | ||
| 650 | 1 | 4 |
_aPOESIA COLOMBIANA _91069 |
| 942 |
_2ddc _cBK |
||
| 999 |
_c26421 _d26421 |
||